| 000 | 00464nam a22001697a 4500 | ||
|---|---|---|---|
| 005 | 20260203120357.0 | ||
| 008 | 260203b |||||||| |||| 00| 0 eng d | ||
| 020 | _a0-8247-5324-0 | ||
| 100 | _aLAL, RATTAN | ||
| 245 | _aPRINCIPLES OF SOIL PHYSICS | ||
| 260 |
_aNEW YORK _bMARCEL DEKKER _c2004 |
||
| 300 | _aXIV, 682P. | ||
| 500 | _aINCLUDES INDEX | ||
| 650 | _a1. SOIL PHYSICS 2. SOILS ANALYSIS 3. SOIL SCIENCE | ||
| 700 | _aSHUKLA, MANOJ | ||
| 942 |
_2lcc _cBK |
||
| 999 |
_c216517 _d216517 |
||